Statistics for Americas Top 50 Favorite Foods

Click here to take the quiz!

General Stats

  • This quiz has been taken 652 times
  • The average score is 12 of 50

Answer Stats

HintAnswer% Correct
22Ham
86%
3Pizza
83%
2Chicken
75%
10Pasta
56%
21Ice Cream
54%
41Fries
53%
7Bacon
49%
5Beef
49%
1Steak
49%
29Turkey
46%
34Egg
43%
17Chocolate
42%
13Hamburgers
33%
20Banana
32%
15Pancakes
27%
46Apples
26%
30Candy
26%
25Soup
24%
19Salmon
22%
14Sushi
22%
12Peanut Butter
21%
4Waffles
21%
47Lamb
19%
16Noodles
19%
39Strawberries
19%
36Tuna
18%
28Donuts
17%
31Grapes
17%
32Popcorn
16%
35Watermelon
16%
18Blueberries
12%
24Mashed Potatoes
12%
9Avocado
10%
11Pineapple
10%
45Meatballs
9%
44Mango
7%
23Oysters
5%
37Cheddar Cheese
4%
27Sweet Potato
4%
43Almonds
3%
26Asparagus
3%
49Mushrooms
3%
42Halibut
2%
6Mozzarella Cheese
2%
38Prawns
2%
48Sweetcorn
2%
8Corned Beef
1%
40Artichokes
0%
33Cashew nuts
0%
50Rice Pudding
0%

Score Distribution

Percentile by Number Answered

Percent of People with Each Score

Your Score History

You have not taken this quiz